| 000 | 00782nam a2200157 a 4500 | ||
|---|---|---|---|
| 008 | 120416s1984 ||||||||||||||||| || u | ||
| 050 | _aHJ 9925.G7 Joh | ||
| 100 | _aJones, Rowan | ||
| 245 | 1 | 0 | _aPublic sector accounting |
| 260 |
_aLondon _bPitman _c1984 |
||
| 300 | _aviii, 309p. : ill. | ||
| 350 | _a0.00 | ||
| 995 |
_aANNEX COLLECTION (Main Library) _D0.00 _e707105 _FCBU-MAIN LIBRARY (Kitwe) _H1 _I0.00 _jHJ 9925.G7 Joh _M1 _UAVAILABLE _y008432 _ZAnnex Low-Usage Collection |
||
| 995 |
_aTEXTBOOKS (SB) _D0.00 _e01148 _FCBU-SCHOOL TEXTBOOK COLLECTIONS _H1 _I0.00 _jSCHOOL TEXTBOOK _M3 _UAVAILABLE _WSep 18, 2009 _y01148 _ZSchool Collections |
||
| 995 |
_aTEXTBOOKS (SB) _D0.00 _e01147 _FCBU-SCHOOL TEXTBOOK COLLECTIONS _H1 _I0.00 _jSCHOOL TEXTBOOK _M2 _UAVAILABLE _WSep 18, 2009 _y01147 _ZSchool Collections |
||
| 999 |
_c77162 _d77162 |
||